[Event "Sparkassen-Open A"]
[Site "Heusenstamm, Martinsee"]
[Date "2024.11.24"]
[Round "7.28"]
[White "Stork, Christopher"]
[Black "Musiienko, Platon"]
[Result "1-0"]
[WhiteElo "2079"]
[BlackElo "1947"]
[PlyCount "75"]
[EventDate "2024.11.21"]
[WhiteTeam "SV Oberursel"]
[BlackTeam "Wiesbadener SV 1885"]

1. d4 d5 2. c4 e6 3. Nf3 Nf6 4. g3 Be7 5. Bg2 O-O 6. O-O c6 7. Nc3 b6 8. Ne5 Bb7 9. e4 dxe4 10. Nxe4 Qc8 11. Bg5 Qd8 12. Be3 Nfd7 13. Qc2 Na6 14. Rad1 Nc7 15. h4 h6 16. Qc1 Ne8 17. Rfe1 Rc8 18. a3 Nd6 19. Nxd6 Bxd6 20. Nxd7 Qxd7 21. c5 Be7 22. Be4 h5 23. Qc2 Ba8 24. Qe2 g6 25. Qf3 Kg7 26. b4 Bf6 27. Bb1 Bb7 28. Bh6+ Kxh6 29. Qxf6 Qd8 30. Rxe6 Qxf6 31. Rxf6 Rcd8 32. Rf4 Ba6 33. Be4 Bb5 34. Bf3 Kg7 35. a4 Bxa4 36. Ra1 b5 37. Bxc6 Rc8 38. d5 1-0

[Event "Sparkassen-Open A"]
[Site "Heusenstamm, Martinsee"]
[Date "2024.11.24"]
[Round "7.29"]
[White "Peter, Laurenz"]
[Black "Wenzel, Calvin"]
[Result "1-0"]
[WhiteElo "1879"]
[BlackElo "2058"]
[PlyCount "72"]
[EventDate "2024.11.21"]
[WhiteTeam "Sportgemeinschaft Kaarst 1912/35"]
[BlackTeam "SK 1980 Gernsheim"]

1. d4 Nf6 2. Nf3 c5 3. d5 e6 4. c4 exd5 5. cxd5 d6 6. Nc3 g6 7. e4 a6 8. a4 Bg4 9. Be2 Bxf3 10. Bxf3 Bg7 11. O-O O-O 12. Re1 Nbd7 13. Be2 Re8 14. f3 Rb8 15. Rb1 Qc7 16. b3 Nh5 17. Bd2 Bd4+ 18. Kh1 Qd8 19. Rf1 Qf6 20. Qe1 Qe7 21. Qc1 Bg7 22. Bg5 Qe5 23. Bd2 Qd4 24. Nd1 Qf6 25. g4 Qh4 26. gxh5 Qxh5 27. Rf2 f5 28. Bg5 Bd4 29. f4 Qh3 30. Rf3 Qh5 31. Qc2 Rxe4 32. Re3 Rxe3 33. Bxh5 Re1+ 34. Kg2 Rg1+ 35. Kh3 Re8 36. Bf3 Re3 1-0

[Event "Sparkassen-Open A"]
[Site "Heusenstamm, Martinsee"]
[Date "2024.11.24"]
[Round "7.30"]
[White "Griesfeller, Sven"]
[Black "Perske, Paul"]
[Result "0-1"]
[WhiteElo "1818"]
[BlackElo "2093"]
[PlyCount "68"]
[EventDate "2024.11.21"]
[WhiteTeam "Schachdrachen Büdingen-Wächtersb"]
[BlackTeam "Sfr.Heidesheim"]

1. e4 e5 2. Nf3 Nc6 3. Bb5 a6 4. Ba4 Nf6 5. O-O Be7 6. Re1 b5 7. Bb3 O-O 8. a4 Bb7 9. d3 d6 10. Nbd2 Na5 11. Ba2 c5 12. c3 Nc6 13. Nf1 h6 14. Ng3 Re8 15. Qb3 c4 16. dxc4 Na5 17. Qc2 bxc4 18. h3 Qc7 19. Be3 Rab8 20. Rad1 Bc6 21. Nd2 Qd7 22. Nxc4 Bxa4 23. b3 Nxc4 24. bxa4 Rb2 25. Qc1 Rxa2 26. Bxh6 gxh6 27. Qxh6 Nh7 28. Nf5 Bf8 29. Qh5 Re6 30. Rd3 Rg6 31. Rg3 Rxg3 32. fxg3 Qa7+ 33. Kh2 Qf2 34. Qg4+ Kh8 0-1

[Event "Sparkassen-Open A"]
[Site "Heusenstamm, Martinsee"]
[Date "2024.11.24"]
[Round "7.31"]
[White "Villwock, Martin"]
[Black "Schramm, Luca"]
[Result "1-0"]
[WhiteElo "2075"]
[BlackElo "1892"]
[PlyCount "78"]
[EventDate "2024.11.21"]
[WhiteTeam "SF Essen-Katernberg 0"]
[BlackTeam "SC Einrich e.V."]

1. e4 c5 2. Nf3 Nc6 3. d4 cxd4 4. Nxd4 e5 5. Nb5 d6 6. a4 Be7 7. N1c3 a6 8. Na3 Nf6 9. Bc4 Be6 10. Bg5 O-O 11. Bxf6 Bxf6 12. Nd5 Rc8 13. O-O Bg5 14. c3 Ne7 15. Qb3 Bxd5 16. Bxd5 Nxd5 17. Qxd5 Qc7 18. Rad1 Rfd8 19. Rfe1 Kh8 20. g3 Qc5 21. Qb3 Rf8 22. Rd5 Qc6 23. f4 Bd8 24. f5 g6 25. g4 gxf5 26. gxf5 Rg8+ 27. Kh1 Bb6 28. Qd1 Rg5 29. Rxd6 Qc5 30. a5 Ba7 31. Rd8+ Rg8 32. Rxc8 Qxc8 33. Qd6 Rg4 34. Qf6+ Kg8 35. Rd1 Qe8 36. h3 Rxe4 37. Rd8 Re1+ 38. Kh2 Re2+ 39. Kg3 Re3+ 1-0

[Event "Sparkassen-Open A"]
[Site "Heusenstamm, Martinsee"]
[Date "2024.11.24"]
[Round "7.32"]
[White "Marcziter, Alex"]
[Black "Töpfer, Albrecht"]
[Result "0-1"]
[WhiteElo "1988"]
[BlackElo "2170"]
[PlyCount "160"]
[EventDate "2024.11.21"]
[WhiteTeam "Schachgemeinschaft Porz e. V."]
[BlackTeam "SC Fulda"]

1. e4 d6 2. d4 Nf6 3. Nc3 e5 4. Nf3 Nbd7 5. Bc4 Be7 6. O-O O-O 7. Re1 c6 8. a4 h6 9. h3 Re8 10. b3 exd4 11. Nxd4 Ne5 12. Bf1 Ng6 13. Bb2 Bf8 14. g3 Bd7 15. Bg2 Qa5 16. f4 a6 17. Kh2 Qc7 18. Qd2 Rab8 19. a5 Rbd8 20. Nf3 Bc8 21. Qf2 d5 22. exd5 Rxe1 23. Nxe1 cxd5 24. Nd3 h5 25. Qd4 Bf5 26. Ne5 Bc5 27. Qd1 Nxe5 28. fxe5 d4 29. Na4 Qxe5 30. Nxc5 Qxc5 31. Ra4 h4 32. Rxd4 hxg3+ 33. Kh1 Rxd4 34. Bxd4 Qe7 35. Qd2 Ne4 36. Qf4 Qe6 37. Bxe4 Bxe4+ 38. Kg1 g2 39. Qg5 f6 40. Qg4 Qe7 41. c3 Bc6 42. Qg3 Qe2 43. Kh2 Qd1 44. Bg1 Qxb3 45. h4 Qd5 46. Bb6 Qd1 47. Bg1 Qa1 48. Qb8+ Kh7 49. Qd8 Qxc3 50. Qc7 Qb4 51. Bf2 Qe4 52. Qg3 Qd5 53. Bb6 Qd1 54. Bg1 Qb1 55. Qf4 Qa1 56. Qf5+ g6 57. Qc5 Qe1 58. Qc4 Qe5+ 59. Kh3 Kg7 60. Qc5 Kf7 61. Qxe5 fxe5 62. Kg3 Ke6 63. Bb6 Kf5 64. Bc5 b5 65. axb6 a5 66. Kf2 Kg4 67. Be7 Kh3 68. Kg1 Kg3 69. Bd6 Kf4 70. Kf2 a4 71. Bc5 Kg4 72. Be7 Bb7 73. Bd6 Kf5 74. Ba3 Ke6 75. Bf8 Kd7 76. Ba3 Bd5 77. Bb2 Kd6 78. Bc3 Kc6 79. Bxe5 a3 80. Bd4 Kb5 0-1

[Event "Sparkassen-Open A"]
[Site "Heusenstamm, Martinsee"]
[Date "2024.11.24"]
[Round "7.33"]
[White "Hoppstädter, Daniel"]
[Black "Wuerl, Roland"]
[Result "0-1"]
[WhiteElo "2198"]
[BlackElo "2013"]
[PlyCount "82"]
[EventDate "2024.11.21"]
[WhiteTeam "SC Turm Illingen"]
[BlackTeam "SC FK Babenhausen 1994"]

1. d4 Nf6 2. Bg5 c5 3. e3 cxd4 4. exd4 Ne4 5. Bf4 g6 6. Bd3 d5 7. c3 Bg7 8. Nd2 Nd6 9. Ngf3 Nc6 10. O-O O-O 11. Re1 Bf5 12. Bxf5 Nxf5 13. Nb3 Rc8 14. Nc5 b6 15. Nd3 Nd6 16. Nfe5 Nxe5 17. Nxe5 Nc4 18. Re2 Nxe5 19. dxe5 e6 20. Qd2 Re8 21. Bg5 f6 22. exf6 Bxf6 23. Bxf6 Qxf6 24. Rae1 Qf7 25. Re5 Kg7 26. R1e3 Rcd8 27. Qd4 Kg8 28. h4 Rf8 29. Rf3 Qd7 30. Rg3 Rf5 31. h5 Qg7 32. hxg6 Qxe5 33. Qh4 Qc7 34. Qh6 Qe7 35. gxh7+ Kh8 36. Rg6 Qf7 37. a4 Rf8 38. b4 Rf6 39. Rg8+ Rxg8 40. hxg8=R+ Kxg8 41. Qg5+ Qg6 0-1

[Event "Sparkassen-Open A"]
[Site "Heusenstamm, Martinsee"]
[Date "2024.11.24"]
[Round "7.34"]
[White "Junker, Christian"]
[Black "Petersen, Henrik"]
[Result "0-1"]
[WhiteElo "2023"]
[BlackElo "2194"]
[PlyCount "148"]
[EventDate "2024.11.21"]
[WhiteTeam "SV 1926 Neu-Isenburg"]
[BlackTeam "SV 03/25 Koblenz"]

1. Nf3 d5 2. g3 Bg4 3. Bg2 c6 4. d3 Nd7 5. Nbd2 Ngf6 6. h3 Bh5 7. O-O e5 8. e4 dxe4 9. dxe4 Bc5 10. Qe2 O-O 11. a4 a5 12. Nb3 Bb6 13. Bd2 Re8 14. Bc3 Qc7 15. g4 Bg6 16. Nh4 Nf8 17. Qc4 Ne6 18. Kh2 Nd7 19. Rad1 Ndc5 20. Nxc5 Bxc5 21. Nf5 f6 22. Bd2 Bf7 23. c3 Qb6 24. Qe2 Rad8 25. Rb1 Qb3 26. Be3 Rd7 27. Rfd1 Red8 28. Rxd7 Rxd7 29. Ra1 Bxe3 30. fxe3 Nc5 31. Ra3 Bc4 32. Rxb3 Bxe2 33. Ra3 g6 34. Ng3 Bd1 35. b4 axb4 36. cxb4 Nxa4 37. Bf1 b5 38. Ra1 Kf7 39. Rc1 Rd6 40. Kg1 Ke7 41. Kf2 Bb3 42. Ke1 Nb2 43. Be2 Bc4 44. Ra1 Rd7 45. h4 Bxe2 46. Kxe2 Na4 47. Rc1 Rd6 48. g5 Kd8 49. Nf1 Kc7 50. Nd2 Kb6 51. Nf3 fxg5 52. hxg5 Re6 53. Nd2 c5 54. bxc5+ Nxc5 55. Rf1 b4 56. Rf7 b3 57. Rxh7 Kb5 58. Rh1 Ra6 59. Rh8 Ra2 60. Rb8+ Ka4 61. Kd1 Ra1+ 62. Ke2 Rg1 63. Nc4 Rxg5 64. Nb2+ Ka3 65. Nc4+ Ka2 66. Ra8+ Kb1 67. Ra5 Rg2+ 68. Kf3 Rc2 69. Rxc5 b2 70. Na3+ Ka2 71. Rxc2 Kxa3 72. Rc5 b1=Q 73. Rxe5 Qd1+ 74. Kf4 Qd6 0-1

[Event "Sparkassen-Open A"]
[Site "Heusenstamm, Martinsee"]
[Date "2024.11.24"]
[Round "7.35"]
[White "Sheng, Ming"]
[Black "Pfrengle, Tim"]
[Result "1-0"]
[WhiteElo "2009"]
[BlackElo "2091"]
[PlyCount "131"]
[EventDate "2024.11.21"]
[WhiteTeam "SVG Saarbrücken 1970 e.V."]
[BlackTeam "SC ML Kastellaun"]

1. e4 e5 2. Nf3 Nc6 3. Bc4 Nf6 4. d3 Bc5 5. Nc3 a6 6. Bg5 h6 7. Bh4 g5 8. Bg3 d6 9. Nd2 Qe7 10. h4 Rg8 11. a3 Bg4 12. Qc1 O-O-O 13. Nb3 Ba7 14. Qd2 Nd4 15. Nxd4 Bxd4 16. f3 Be6 17. O-O-O g4 18. Ne2 gxf3 19. gxf3 Bb6 20. Qxh6 Rg6 21. Qd2 Nh5 22. Qe1 Qf6 23. Bxe6+ fxe6 24. Bf2 Qxf3 25. Bxb6 cxb6 26. Nc3 Ng3 27. h5 Nxh5 28. Na4 b5 29. Nb6+ Kb8 30. Rf1 Qg3 31. Qa5 Ka7 32. Kb1 Rgg8 33. Rf7 Qe3 34. Nd7 Nf4 35. Qc7 Rxd7 36. Rxd7 Qb6 37. Qxd6 Qxd6 38. Rxd6 Rg6 39. Rd7 Kb6 40. Rh1 Ne2 41. c3 Rg2 42. Rd6+ Ka5 43. d4 Ka4 44. dxe5 Kb3 45. Ka1 Ng3 46. Rc1 Rxb2 47. Rb1 Rxb1+ 48. Kxb1 Nxe4 49. Rxe6 Nxc3+ 50. Ka1 Kc4 51. Rd6 Ne4 52. Rb6 Kc5 53. Rxb7 Kd5 54. Rb6 Kxe5 55. Rxa6 Kd5 56. Kb2 Kc5 57. Rh6 Nd6 58. Kb3 Nc4 59. Rh5+ Kc6 60. a4 Nd6 61. a5 Nc4 62. Kb4 Kc7 63. Rc5+ Kd6 64. Rxb5 Ne3 65. Rc5 Nd5+ 66. Rxd5+ 1-0

[Event "Sparkassen-Open A"]
[Site "Heusenstamm, Martinsee"]
[Date "2024.11.24"]
[Round "7.36"]
[White "Dordevic, Tom"]
[Black "Schwarz, David"]
[Result "1/2-1/2"]
[WhiteElo "2123"]
[BlackElo "1948"]
[PlyCount "50"]
[EventDate "2024.11.21"]
[WhiteTeam "SV Mülheim-Nord 1931 e"]
[BlackTeam "SF Birkenfeld"]

1. d4 d5 2. c4 e6 3. Nf3 c5 4. cxd5 exd5 5. Nc3 Nc6 6. g3 Nf6 7. Bg2 cxd4 8. Nxd4 Bc5 9. Nb3 Bb6 10. O-O d4 11. Na4 O-O 12. Bg5 Re8 13. Re1 Bg4 14. Nac5 Bxc5 15. Nxc5 Qb6 16. Nd3 Rad8 17. Bxf6 gxf6 18. Qd2 Ne5 19. Qf4 Bh5 20. b3 Bg6 21. Nb2 Kg7 22. Rac1 Qa5 23. Ra1 d3 24. b4 Qa3 25. Nxd3 Nxd3 1/2-1/2

[Event "Sparkassen-Open A"]
[Site "Heusenstamm, Martinsee"]
[Date "2024.11.24"]
[Round "7.37"]
[White "Burkhardt, Holger"]
[Black "Buchholz, Maja Patricia"]
[Result "1-0"]
[WhiteElo "2087"]
[BlackElo "1972"]
[PlyCount "91"]
[EventDate "2024.11.21"]
[WhiteTeam "SK 1858 Gießen"]
[BlackTeam "Wiesbadener SV 1885"]

1. e4 e6 2. d3 d5 3. Qe2 Nf6 4. Nf3 Nc6 5. e5 Nd7 6. d4 f6 7. exf6 Qxf6 8. Bg5 Qf7 9. Nc3 Nb6 10. Qe3 g6 11. Bd3 Bd7 12. O-O h6 13. Bf4 O-O-O 14. a3 g5 15. Bg3 Bg7 16. b3 g4 17. Ne5 Bxe5 18. Bxe5 Nxe5 19. Qxe5 Bc6 20. Rae1 Rde8 21. f3 Nd7 22. Qe3 gxf3 23. Rxf3 Qe7 24. Bg6 Reg8 25. Bf7 Rg4 26. Bxe6 Rg5 27. Rf7 Qd8 28. Bh3 Kb8 29. Qe7 Qg8 30. Re2 Nb6 31. Qxc7+ Ka8 32. Ree7 Nc8 33. Qxc8+ Qxc8 34. Bxc8 Rxc8 35. Rg7 Rg8 36. Rxg8+ Rxg8 37. Rf7 Rg4 38. Ne2 Bb5 39. Nf4 h5 40. Kf2 Rg5 41. h4 Rg4 42. g3 Rg8 43. Nxd5 Rd8 44. c4 Bc6 45. Rf5 Rh8 46. Nf4 1-0

[Event "Sparkassen-Open A"]
[Site "Heusenstamm, Martinsee"]
[Date "2024.11.24"]
[Round "7.39"]
[White "Paeslack, Luis"]
[Black "Tornay Gomez, Josu"]
[Result "1-0"]
[WhiteElo "2043"]
[BlackElo "1993"]
[PlyCount "107"]
[EventDate "2024.11.21"]
[WhiteTeam "SC Aschaffenburg e.V."]
[BlackTeam "SJ Herborn 1998"]

1. d4 Nf6 2. Nc3 d5 3. Bf4 c5 4. e3 e6 5. Nb5 Na6 6. a4 Be7 7. c3 O-O 8. Bd3 Bd7 9. b3 Bxb5 10. axb5 Nb8 11. Nf3 Nbd7 12. h3 Ne4 13. Bxe4 dxe4 14. Ne5 Nxe5 15. Bxe5 Bd6 16. Bxd6 Qxd6 17. O-O Rfd8 18. Qe2 Qb6 19. Rfd1 Rac8 20. dxc5 Qxc5 21. c4 g6 22. Qc2 f5 23. Qc3 Kf7 24. Rxd8 Rxd8 25. Qa5 Rd3 26. g3 Qd6 27. Qxa7 Rd1+ 28. Kg2 Rxa1 29. Qxa1 Qd3 30. Qh8 h5 31. Qh7+ Kf6 32. Qh8+ Kf7 33. Qb2 Qd1 34. h4 Qf3+ 35. Kg1 Qd1+ 36. Kg2 Qf3+ 37. Kh3 g5 38. hxg5 h4 39. Qf6+ Kg8 40. Qxe6+ Kh7 41. Qe7+ Kg8 42. Qd8+ Kg7 43. Qc7+ Kg8 44. Qb8+ Kg7 45. Qxb7+ Kg6 46. Qb6+ Kxg5 47. Qd8+ Kg6 48. Qd6+ Kf7 49. Qf4 hxg3 50. Qxg3 Qd1 51. b6 Qxb3 52. Qc7+ Kg6 53. b7 Qb2 54. Qg3+ 1-0

[Event "Sparkassen-Open A"]
[Site "Heusenstamm, Martinsee"]
[Date "2024.11.24"]
[Round "7.40"]
[White "Bardorz, Jana"]
[Black "Klein, Levent"]
[Result "1/2-1/2"]
[WhiteElo "2083"]
[BlackElo "1966"]
[PlyCount "120"]
[EventDate "2024.11.21"]
[WhiteTeam "TSV 1869 e. V. Rottendorf"]
[BlackTeam "SK Kaiserslautern 1905"]

1. e4 c6 2. d4 d5 3. exd5 cxd5 4. Bd3 Nc6 5. c3 Nf6 6. Bf4 Bg4 7. Qb3 Qc8 8. Nd2 e6 9. Ngf3 Be7 10. h3 Bh5 11. O-O Bg6 12. Bxg6 hxg6 13. Rae1 a6 14. Ne5 O-O 15. Qd1 Nd7 16. Nxd7 Qxd7 17. Qg4 Bf6 18. Nf3 Ne7 19. Bg5 Qb5 20. Qf4 Bxg5 21. Nxg5 Nf5 22. g4 Nh6 23. Qd2 Qc4 24. a3 b5 25. Nf3 Qc7 26. Ne5 a5 27. Nd3 Kh8 28. Kg2 Qe7 29. Rh1 Qh4 30. Ne5 Ng8 31. Nf3 Qh6 32. Ng5 Qh4 33. Qf4 Nh6 34. Nf3 Qf6 35. Qg3 Qe7 36. h4 Kg8 37. h5 g5 38. Ne5 Qd6 39. Qe3 f6 40. Nd3 Nxg4 41. Qxe6+ Qxe6 42. Rxe6 Kf7 43. Rhe1 Ne5 44. Nc5 Nc4 45. Re7+ Kg8 46. Rb7 Rfb8 47. Ree7 Rxb7 48. Rxb7 Nxb2 49. Rxb5 Nc4 50. a4 Kh7 51. Ne6 Kh6 52. Nc7 Ra7 53. Nxd5 Kxh5 54. Rb1 g4 55. Ne3 Nxe3+ 56. fxe3 Rc7 57. Rc1 Rc4 58. e4 Kg6 59. Kg3 f5 60. exf5+ Kxf5 1/2-1/2

[Event "Sparkassen-Open A"]
[Site "Heusenstamm, Martinsee"]
[Date "2024.11.24"]
[Round "7.41"]
[White "Ahrends, Norbert"]
[Black "Surányi, Pál"]
[Result "0-1"]
[WhiteElo "1979"]
[BlackElo "2033"]
[PlyCount "87"]
[EventDate "2024.11.21"]
[WhiteTeam "SK 1980 Gernsheim"]
[BlackTeam "SV 03/25 Koblenz"]

1. d4 d5 2. c4 e6 3. Nc3 a6 4. cxd5 exd5 5. Nf3 h6 6. Bf4 Nf6 7. e3 Bd6 8. Bxd6 Qxd6 9. Bd3 O-O 10. h3 Nc6 11. Rc1 Ne7 12. O-O Bf5 13. Ne5 c5 14. Nf3 c4 15. Bxf5 Nxf5 16. Ne5 b5 17. g4 Ne7 18. f4 b4 19. Na4 Ne4 20. Nc5 Nxc5 21. dxc5 Qxc5 22. Qd2 Rad8 23. Nd3 Qb6 24. Nxb4 a5 25. Nc2 Qxb2 26. Qxa5 Nc6 27. Qc5 Qf6 28. Rfd1 Rfe8 29. a3 Qe6 30. Re1 h5 31. f5 Qf6 32. Nb4 Nxb4 33. axb4 hxg4 34. Qd4 Qxf5 35. Qxg4 Qxg4+ 36. hxg4 Re4 37. Kf2 Rxg4 38. Red1 Rd6 39. b5 Rf6+ 40. Ke1 Rg1+ 41. Ke2 Rg2+ 42. Ke1 Rh6 43. Kf1 Rb2 44. Kg1 0-1

[Event "Sparkassen-Open A"]
[Site "Heusenstamm, Martinsee"]
[Date "2024.11.24"]
[Round "7.42"]
[White "Pfarr, Michael"]
[Black "Wachsmann, Dietmar"]
[Result "0-1"]
[WhiteElo "1954"]
[BlackElo "2014"]
[PlyCount "82"]
[EventDate "2024.11.21"]
[WhiteTeam "SK 1928 Mömbris"]
[BlackTeam "SC Groß-Umstadt"]

1. e4 c5 2. Nf3 e6 3. d4 cxd4 4. Nxd4 Nf6 5. Nc3 Nc6 6. Be3 Bb4 7. Bd3 d5 8. exd5 Nxd5 9. Nxc6 bxc6 10. Bd2 O-O 11. Ne4 f5 12. Bxb4 Nxb4 13. Nc3 Nxd3+ 14. Qxd3 Qxd3 15. cxd3 e5 16. O-O-O Kf7 17. Rhe1 Kf6 18. d4 e4 19. f3 exf3 20. gxf3 Be6 21. Re5 Rfd8 22. f4 Rd6 23. b3 Rad8 24. Ne2 Bf7 25. Kb2 Bh5 26. Kc3 c5 27. Rd2 Bxe2 28. Rdxe2 cxd4+ 29. Kd3 Rc8 30. Ra5 Rc3+ 31. Kd2 d3 32. Kxc3 dxe2 33. Re5 Re6 34. Rxe6+ Kxe6 35. Kd3 Kd5 36. Kxe2 Ke4 37. h4 Kxf4 38. b4 Ke4 39. b5 g6 40. a4 h6 41. a5 Kd5 0-1

[Event "Sparkassen-Open A"]
[Site "Heusenstamm, Martinsee"]
[Date "2024.11.24"]
[Round "7.43"]
[White "Rosenberger, Frank"]
[Black "Burkhardt, Jan"]
[Result "1/2-1/2"]
[WhiteElo "2055"]
[BlackElo "1916"]
[PlyCount "40"]
[EventDate "2024.11.21"]
[WhiteTeam "SK 1980 Gernsheim"]
[BlackTeam "Sfr.Mainz 1928"]

1. e4 e5 2. Nf3 Nc6 3. d4 exd4 4. Nxd4 Bc5 5. Nb3 Bb6 6. Nc3 Nf6 7. Qe2 d6 8. Be3 Be6 9. O-O-O Qe7 10. f3 Bxe3+ 11. Qxe3 a6 12. Qd2 O-O-O 13. Nd5 Bxd5 14. exd5 Ne5 15. Na5 Nfd7 16. Re1 Qh4 17. f4 Ng4 18. g3 Qh5 19. Be2 Qf5 20. Bf3 h5 1/2-1/2

[Event "Sparkassen-Open A"]
[Site "Heusenstamm, Martinsee"]
[Date "2024.11.24"]
[Round "7.44"]
[White "Richter, Gerald"]
[Black "Özdemir, Ali Özden"]
[Result "1/2-1/2"]
[WhiteElo "1957"]
[BlackElo "2043"]
[PlyCount "62"]
[EventDate "2024.11.21"]
[WhiteTeam "Siegener Schachverein 1878"]
[BlackTeam "SK Langen"]

1. d4 Nf6 2. Nf3 g6 3. g3 Bg7 4. Bg2 O-O 5. O-O d6 6. Re1 Nbd7 7. e4 e5 8. dxe5 dxe5 9. Nc3 c6 10. h3 Qb6 11. Rb1 Qc7 12. Be3 b5 13. Nd2 Ne8 14. Nb3 Nd6 15. f3 Nc4 16. Bf2 Rd8 17. Qe2 Bf8 18. Red1 Bb4 19. Rd3 Ba6 20. Nd1 Be7 21. Ne3 Ncb6 22. Rd2 Na4 23. c3 Ndb6 24. Rbd1 Rxd2 25. Rxd2 Bc8 26. Qd1 Be6 27. h4 a5 28. Qc2 Nd7 29. Bf1 Nac5 30. Nxc5 Nxc5 31. b3 Rd8 1/2-1/2

[Event "Sparkassen-Open A"]
[Site "Heusenstamm, Martinsee"]
[Date "2024.11.24"]
[Round "7.45"]
[White "Heindrich, Mark"]
[Black "Eggenstein, Frank"]
[Result "1/2-1/2"]
[WhiteElo "2045"]
[BlackElo "1945"]
[PlyCount "47"]
[EventDate "2024.11.21"]
[WhiteTeam "SAbt TuS Dotzheim"]
[BlackTeam "Schachverein Datteln 1924"]

1. e4 e6 2. d4 d5 3. Nc3 Nf6 4. e5 Nfd7 5. Nf3 c5 6. dxc5 Nc6 7. Bf4 Nxc5 8. Be2 Be7 9. Qd2 a6 10. Bd3 Nxd3+ 11. Qxd3 Qb6 12. Nd1 Qb4+ 13. Qd2 Qe4+ 14. Kf1 f6 15. exf6 gxf6 16. c3 e5 17. Bg3 Be6 18. h4 Rd8 19. h5 Qc4+ 20. Kg1 Bf8 21. Ne3 Qc5 22. h6 Rg8 23. Re1 Rd7 24. Nf1 1/2-1/2

[Event "Sparkassen-Open A"]
[Site "Heusenstamm, Martinsee"]
[Date "2024.11.24"]
[Round "7.46"]
[White "Werner, Rosalie"]
[Black "Stephanblome, Felix"]
[Result "1/2-1/2"]
[WhiteElo "1904"]
[BlackElo "2041"]
[PlyCount "44"]
[EventDate "2024.11.21"]
[WhiteTeam "VSG 1880 Offenbach"]
[BlackTeam "SV 1934 Ffm-Griesheim"]

1. e4 e5 2. Nf3 Nc6 3. Bc4 Bc5 4. c3 Nf6 5. d3 d6 6. a4 a5 7. O-O O-O 8. Nbd2 Be6 9. Re1 Re8 10. Bxe6 fxe6 11. Nc4 h6 12. Be3 Bxe3 13. Rxe3 Ng4 14. Re2 d5 15. Ne3 Nxe3 16. fxe3 Qd6 17. d4 Rad8 18. Qc2 Re7 19. Rae1 b6 20. h3 Rde8 21. Qd3 Rd7 22. Qc2 Rde7 1/2-1/2

[Event "Sparkassen-Open A"]
[Site "Heusenstamm, Martinsee"]
[Date "2024.11.24"]
[Round "7.47"]
[White "Shanawaz Thabrez, Shahzaib"]
[Black "Aktürk, Mustafa Deniz"]
[Result "1/2-1/2"]
[WhiteElo "1882"]
[BlackElo "1888"]
[PlyCount "29"]
[EventDate "2024.11.21"]
[WhiteTeam "SK Langen"]
[BlackTeam "Sfr.Mainz 1928"]

1. e4 c5 2. Nc3 g6 3. f4 Bg7 4. Nf3 d6 5. Bb5+ Bd7 6. Bxd7+ Qxd7 7. O-O Nc6 8. d3 e6 9. Qe1 Nge7 10. Bd2 Nd4 11. Nxd4 Bxd4+ 12. Kh1 O-O 13. e5 f5 14. Nd1 c4 15. c3 1/2-1/2

[Event "Sparkassen-Open A"]
[Site "Heusenstamm, Martinsee"]
[Date "2024.11.24"]
[Round "7.48"]
[White "Wolf, Ulrich Martin"]
[Black "Mukazhanov, Mansur"]
[Result "1-0"]
[WhiteElo "2228"]
[BlackElo "1862"]
[PlyCount "57"]
[EventDate "2024.11.21"]
[WhiteTeam "SK Bad Homburg 1927"]
[BlackTeam "SC Rochade Saarlouis 1993 e.V."]

1. Nf3 Nf6 2. d4 c5 3. d5 d6 4. Nc3 g6 5. e4 Bg7 6. h3 Na6 7. Be2 Nc7 8. a4 b6 9. O-O O-O 10. Re1 Rb8 11. Bf4 Bb7 12. Bf1 a6 13. Bh2 Ba8 14. Rb1 b5 15. axb5 axb5 16. b4 Nd7 17. Qd2 c4 18. Nd4 Rb6 19. Ra1 e5 20. dxe6 fxe6 21. Ra5 Bxd4 22. Qxd4 e5 23. Qe3 Kh8 24. Rd1 Na6 25. Rxb5 Nxb4 26. Rxb6 Nxc2 27. Qd2 Nd4 28. Rxd6 Qe7 29. Rxd7 1-0

[Event "Sparkassen-Open A"]
[Site "Heusenstamm, Martinsee"]
[Date "2024.11.24"]
[Round "7.49"]
[White "Michels, Achim"]
[Black "Bauer, Laura Sophie"]
[Result "1-0"]
[WhiteElo "2163"]
[BlackElo "1927"]
[PlyCount "101"]
[EventDate "2024.11.21"]
[WhiteTeam "SC ML Kastellaun"]
[BlackTeam "SK Kelheim 1920"]

1. d4 d5 2. c4 e6 3. Nc3 Nf6 4. cxd5 exd5 5. Bg5 Be7 6. e3 h6 7. Bh4 O-O 8. Bd3 c6 9. Qc2 Nbd7 10. Nf3 Re8 11. Nd2 Nh5 12. Bxe7 Qc7 13. O-O-O Nhf6 14. h3 c5 15. g4 c4 16. Bf1 Nf8 17. Bg2 Qd7 18. e4 dxe4 19. Ndxe4 Nxe4 20. Nxe4 Qc7 21. Kb1 Rb8 22. d5 b5 23. Rhe1 Rd8 24. Ng3 Rd6 25. Re3 Ra6 26. Rd4 Qb6 27. Qc3 Bd7 28. Rf4 b4 29. Qxc4 Bb5 30. Qc2 Qa5 31. b3 Rc8 32. Qb2 Rc3 33. Nf5 f6 34. Be4 Qc7 35. Rff3 Rc5 36. Re1 Bd7 37. Ne3 Rca5 38. Rc1 Qb7 39. Rc2 Rxa2 40. Qxa2 Rxa2 41. Rxa2 Bb5 42. Nf5 Qb6 43. d6 Nd7 44. Bd5+ Kh7 45. Rd2 Ne5 46. Re3 Kh8 47. f4 g6 48. Nd4 Nd3 49. Rc2 Nc5 50. Nxb5 Qxb5 51. Rce2 1-0

[Event "Sparkassen-Open A"]
[Site "Heusenstamm, Martinsee"]
[Date "2024.11.24"]
[Round "7.50"]
[White "Erdmann, Stefan"]
[Black "Tietzen, Stefan"]
[Result "1/2-1/2"]
[WhiteElo "2137"]
[BlackElo "1942"]
[PlyCount "66"]
[EventDate "2024.11.21"]
[WhiteTeam "SK Bad Homburg 1927"]
[BlackTeam "SK 1980 Gernsheim"]

1. d4 Nf6 2. c4 g6 3. g3 c6 4. Bg2 d5 5. Qa4 Bg7 6. cxd5 Nxd5 7. Nf3 O-O 8. O-O Nd7 9. Nc3 Nxc3 10. bxc3 e5 11. Rd1 exd4 12. cxd4 Nf6 13. Rb1 Ne4 14. Bb2 Be6 15. Nh4 f5 16. f3 Nf6 17. Bc1 b5 18. Qc2 Qb6 19. Ba3 Rf7 20. Bc5 Qa5 21. a3 Nd5 22. f4 Ne3 23. Qd2 Qxd2 24. Rxd2 Nxg2 25. Kxg2 Bd5+ 26. Nf3 Rd7 27. e3 a5 28. Kf2 h6 29. h3 Kf7 30. Rdb2 Rb7 31. Nd2 Bf6 32. Ra1 Ke6 33. Rc1 Kd7 1/2-1/2

[Event "Sparkassen-Open A"]
[Site "Heusenstamm, Martinsee"]
[Date "2024.11.24"]
[Round "7.51"]
[White "Musiienko, Tymur"]
[Black "Schellenberger, Dirk"]
[Result "1-0"]
[WhiteElo "2141"]
[BlackElo "1932"]
[PlyCount "67"]
[EventDate "2024.11.21"]
[WhiteTeam "Wiesbadener SV 1885"]
[BlackTeam "Schachclub Aschaffenburg e.V."]

1. e4 Nf6 2. Nc3 d5 3. e5 Nfd7 4. d4 e6 5. f4 c5 6. Nf3 Nc6 7. Be3 Be7 8. Qd2 a6 9. Ne2 c4 10. c3 b5 11. Ng3 Nb6 12. Be2 b4 13. O-O Rb8 14. Bd1 a5 15. Bc2 g6 16. Ng5 a4 17. a3 bxa3 18. bxa3 Na5 19. Qf2 Nb3 20. Rae1 Rb7 21. h4 Bf8 22. h5 Bg7 23. hxg6 hxg6 24. f5 exf5 25. Nxf5 gxf5 26. Bxf5 Bxf5 27. Qxf5 Qc8 28. e6 f6 29. Qg6+ Kf8 30. Bf4 Rh6 31. Bd6+ Kg8 32. Qf7+ Kh8 33. e7 fxg5 34. e8=Q+ 1-0

[Event "Sparkassen-Open A"]
[Site "Heusenstamm, Martinsee"]
[Date "2024.11.24"]
[Round "7.52"]
[White "Serbu, Daniel Elias"]
[Black "Gieringer, Clemens"]
[Result "1-0"]
[WhiteElo "2138"]
[BlackElo "1901"]
[PlyCount "120"]
[EventDate "2024.11.21"]
[WhiteTeam "SK Langen"]
[BlackTeam "Sfr.Mainz 1928"]

1. e4 c5 2. c3 e6 3. d4 d5 4. exd5 exd5 5. Nf3 Nc6 6. Be2 Bd6 7. O-O cxd4 8. Nxd4 Nf6 9. Bf3 O-O 10. Bg5 Be6 11. Re1 Ne5 12. Nd2 h6 13. Bh4 Ng6 14. Bg3 Bxg3 15. hxg3 Bd7 16. Qb3 Bc6 17. Rad1 Qc7 18. Nf1 Ne5 19. Ne3 Nxf3+ 20. Nxf3 Rad8 21. Nd4 Rfe8 22. Ne2 Rd7 23. Rd4 Re4 24. Red1 Rxd4 25. Rxd4 a5 26. Nc1 b6 27. Qd1 Qd8 28. Nd3 Qc7 29. Nf4 Qd8 30. Qf3 Bb7 31. Nh5 Nxh5 32. Qxh5 Qc7 33. Qg4 Rd8 34. Qd1 b5 35. Kh2 Qc5 36. a3 a4 37. Nf5 Kh7 38. Qg4 Qf8 39. Qf4 g6 40. Ne3 h5 41. Qc7 Ba8 42. Rf4 Kg8 43. Rxf7 Qxf7 44. Qxd8+ Qf8 45. Qxf8+ Kxf8 46. f4 Ke7 47. g4 hxg4 48. Kg3 Kd6 49. Kxg4 Bc6 50. Kg5 Be8 51. Kf6 Kc5 52. Ke5 Bd7 53. g4 Be8 54. f5 gxf5 55. gxf5 Bf7 56. f6 Bg8 57. Nf5 Bf7 58. Nd6 Bh5 59. f7 Bxf7 60. Nxf7 Kc4 1-0